[Event "WCPL:Cardiff-Abergavenny"]
[Site "?"]
[Date "2018.05.20"]
[Round "5.12"]
[White "Sivarajasingam, Shayanna"]
[Black "Allford, Zane"]
[Result "0-1"]
[WhiteElo "1815"]
[BlackElo "1674"]
[PlyCount "116"]
[EventDate "2018.05.20"]
[EventCountry "WLS"]
[SourceDate "2017.10.24"]

1. e4 e5 2. Nf3 Nf6 3. Nxe5 d6 4. Nf3 Nxe4 5. Nc3 Nxc3 6. dxc3 Be7 7. Be3 O-O
8. Qd2 Nc6 9. h3 Be6 10. Bd3 Ne5 11. Nxe5 dxe5 12. O-O-O Bxa2 13. c4 c6 14. Qc3
Qc7 15. b3 Ba3+ 16. Kd2 a5 17. Ke2 Bb4 18. Qb2 f5 19. c3 e4 20. Bxe4 fxe4 21.
cxb4 axb4 22. Bc5 Rf7 23. Ra1 Qa5 24. Bxb4 Qxb4 25. Rxa2 Raf8 26. Rf1 Qc5 27.
Ke1 e3 28. f3 Qb4+ 29. Ke2 Rd7 30. Qc1 Qxb3 31. Ra3 Qb4 32. Rxe3 Rfd8 33. Kf2
Rd2+ 34. Re2 Qc5+ 35. Ke1 Rxe2+ 36. Kxe2 Qd4 37. Re1 Re8+ 38. Kf1 Rxe1+ 39.
Kxe1 Qg1+ 40. Kd2 Qxg2+ 41. Ke3 Qg5+ 42. f4 Qg3+ 43. Kd4 Qxh3 44. Qe1 Qd7+ 45.
Kc5 Kf7 46. Qc3 Qc7 47. Qf3 b6+ 48. Kb4 Qd6+ 49. Kb3 g6 50. Qe3 c5 51. Qf3 Kf6
52. Ka4 Qd7+ 53. Kb3 h5 54. Qc3+ Qd4 55. Qg3 Qd1+ 56. Kc3 Qa1+ 57. Kb3 Qb1+ 58.
Kc3 Qb4+ 0-1

[Event "WCPL:Vale-Cardigan"]
[Site "?"]
[Date "2018.05.20"]
[Round "5.13"]
[White "Williams, A. Howard"]
[Black "Kett, Tim"]
[Result "1/2-1/2"]
[WhiteElo "2256"]
[BlackElo "2215"]
[PlyCount "54"]
[EventDate "2018.05.20"]
[EventCountry "WLS"]
[SourceDate "2017.10.24"]

1. d4 Nf6 2. Nf3 d5 3. c4 e6 4. g3 c5 5. cxd5 exd5 6. Bg2 Nc6 7. O-O cxd4 8.
Nxd4 Be7 9. Nc3 O-O 10. Be3 Be6 11. Qa4 Qd7 12. Rad1 Bh3 13. Nxc6 bxc6 14. Bd4
Bxg2 15. Kxg2 Qb7 16. Qc2 Rfe8 17. e4 dxe4 18. Nxe4 Nxe4 19. Qxe4 Bf6 20. Qf3
Bxd4 21. Rxd4 Qxb2 22. Rfd1 Qxa2 23. Qxc6 Qe6 24. Rd6 Qe4+ 25. Qxe4 Rxe4 26.
Ra1 Kf8 27. Rda6 Re7 1/2-1/2

[Event "WCPL:Vale-Cardigan"]
[Site "?"]
[Date "2018.05.20"]
[Round "5.14"]
[White "Liaskos, Leonidas"]
[Black "Durand-Le Ludec, Brendan-Budok"]
[Result "0-1"]
[WhiteElo "2121"]
[BlackElo "2157"]
[PlyCount "144"]
[EventDate "2018.05.20"]
[EventCountry "WLS"]
[SourceDate "2017.10.24"]

1. e4 c5 2. Nf3 e6 3. c3 d5 4. Bb5+ Bd7 5. Bxd7+ Qxd7 6. exd5 Qxd5 7. O-O Nc6
8. Qb3 Qxb3 9. axb3 Nf6 10. Rd1 Rd8 11. Na3 Be7 12. Nc4 O-O 13. Na5 Nxa5 14.
Rxa5 a6 15. d3 Rd5 16. d4 Rfd8 17. Re1 cxd4 18. Rxd5 Nxd5 19. Nxd4 Bf6 20. Nf3
Ne7 21. Kf1 Nc6 22. Be3 Kf8 23. Ke2 h5 24. Nd2 Be7 25. Nc4 e5 26. Bb6 Rd7 27.
b4 f5 28. Rd1 Rxd1 29. Kxd1 Kf7 30. Ke2 Ke6 31. Kd3 e4+ 32. Ke3 Bg5+ 33. Ke2
Kd5 34. Ne3+ Bxe3 35. Kxe3 g5 36. b3 f4+ 37. Kd2 Ke5 38. Bc5 g4 39. g3 Kf5 40.
Bd6 e3+ 41. Ke2 exf2 42. Bxf4 Ke4 43. Bd6 f1=R 44. Kxf1 Kd3 45. c4 Nd4 46. b5
axb5 47. cxb5 Nxb5 48. Be7 Nd4 49. b4 b5 50. Kf2 Nc2 51. h3 Kc4 52. hxg4 hxg4
53. Bf8 Nxb4 54. Ke3 Nd3 55. Ke4 Nf2+ 56. Ke3 Nh3 57. Kd2 Kb3 58. Be7 Kc4 59.
Bf8 Kd4 60. Bg7+ Ke4 61. Kc3 Ng1 62. Kb4 Ne2 63. Bf8 Nxg3 64. Kxb5 Nf5 65. Bc5
g3 66. Bg1 Ne3 67. Kb4 Kf3 68. Kb3 Nd1 69. Bb6 g2 70. Bg1 Ke2 71. Kc4 Kf1 72.
Bh2 Ne3+ 0-1

[Event "WCPL:Vale-Cardigan"]
[Site "?"]
[Date "2018.05.20"]
[Round "5.15"]
[White "Jones, Iolo C"]
[Black "Heaven, Pete"]
[Result "1/2-1/2"]
[WhiteElo "2179"]
[BlackElo "2042"]
[PlyCount "34"]
[EventDate "2018.05.20"]
[EventCountry "WLS"]
[SourceDate "2017.10.24"]

1. d4 Nf6 2. Nf3 e6 3. c4 c5 4. d5 b5 5. dxe6 fxe6 6. e3 bxc4 7. Bxc4 d5 8.
Bb5+ Bd7 9. Qa4 Bd6 10. Nc3 O-O 11. O-O Bxb5 12. Qxb5 Ng4 13. Qe2 Nc6 14. h3
Rxf3 15. Qxf3 Nh2 16. Qe2 Nxf1 17. Kxf1 Qb6 1/2-1/2

[Event "WCPL:Vale-Cardigan"]
[Site "?"]
[Date "2018.05.20"]
[Round "5.16"]
[White "Ralphs, Nigel"]
[Black "Heap, Gerry"]
[Result "0-1"]
[WhiteElo "2000"]
[BlackElo "2092"]
[PlyCount "90"]
[EventDate "2018.05.20"]
[EventCountry "WLS"]
[SourceDate "2017.10.24"]

1. e4 c5 2. Nf3 d6 3. d4 cxd4 4. Nxd4 Nf6 5. Nc3 g6 6. Be3 Bg7 7. f3 O-O 8. Qd2
Nc6 9. Bc4 Bd7 10. O-O-O Rc8 11. Bb3 Nxd4 12. Bxd4 b5 13. a3 a5 14. Kb1 b4 15.
axb4 axb4 16. Na2 Ra8 17. Qxb4 Qc7 18. Qc3 Qb7 19. Qb4 Qa6 20. Bc4 Qc8 21. b3
Be6 22. Bxe6 Qxe6 23. Qd2 Rfb8 24. Nb4 Qd7 25. Nd5 Nxd5 26. Bxg7 Kxg7 27. Qxd5
Ra4 28. Kb2 Qa7 29. Ra1 Rxa1 30. Rxa1 Qf2 31. e5 Rc8 32. Rc1 Rc5 33. Qd3 Rxe5
34. Qf1 Qd4+ 35. c3 Qe3 36. Rc2 d5 37. Qd1 f6 38. Qd4 Qe1 39. Qd2 Qh1 40. h3
Re1 41. Ka3 Qf1 42. Ra2 Re6 43. Kb4 Rb6+ 44. Ka3 Qb1 45. Rb2 Qa1+ 0-1

[Event "WCPL:Vale-Cardigan"]
[Site "?"]
[Date "2018.05.20"]
[Round "5.17"]
[White "Van Kemenade, Rudy"]
[Black "Davis, Lee"]
[Result "1/2-1/2"]
[WhiteElo "1948"]
[BlackElo "1945"]
[PlyCount "51"]
[EventDate "2018.05.20"]
[EventCountry "WLS"]
[SourceDate "2017.10.24"]

1. e4 g6 2. d4 d6 3. c4 Nf6 4. Nc3 Bg7 5. Nf3 O-O 6. h3 Nc6 7. Bg5 e5 8. dxe5
dxe5 9. Qxd8 Nxd8 10. Bxf6 Bxf6 11. Nd5 Bg7 12. Nxc7 Rb8 13. Rd1 Nc6 14. Bd3
Rd8 15. Nd5 h6 16. O-O Be6 17. a3 a5 18. b4 axb4 19. Nxb4 Ra8 20. Be2 Rxd1 21.
Rxd1 Rxa3 22. Nxc6 bxc6 23. Rd6 Ra2 24. Bd3 Ra3 25. Be2 Ra2 26. Bd3 1/2-1/2